[Event "ITA-ch U20"]
[Site "Tarvisio"]
[Date "2023.07.08"]
[Round "8"]
[White "Serban, Sara Annamaria"]
[Black "Sala, Giulia"]
[Result "1/2-1/2"]
[WhiteElo "1586"]
[BlackElo "2032"]
[PlyCount "98"]
[EventDate "2023.07.02"]
[EventType "swiss"]
[EventRounds "9"]
[EventCountry "ITA"]
[SourceTitle "EXT 2024"]
[Source "ChessBase"]
[SourceDate "2023.10.10"]
[SourceVersion "1"]
[SourceVersionDate "2023.10.10"]
[SourceQuality "1"]

1. e4 c5 2. c3 Nf6 3. e5 Nd5 4. d4 cxd4 5. Nf3 Nc6 6. cxd4 d6 7. Bc4 Nb6 8. Bb5 dxe5 9. Nxe5 Bd7 10. Nxd7 Qxd7 11. Nc3 e6 12. 0-0 Rd8 13. Bg5 Be7 14. Bxe7 Qxe7 15. Qf3 Nd5 16. Nxd5 Rxd5 17. Qxd5 exd5 18. Rfe1 Qe6 19. Kf1 Ke7 20. Rxe6+ fxe6 21. Bxc6 bxc6 22. Rc1 Kd6 23. Ke2 g5 24. Rc3 Rf8 25. Rh3 Rf7 26. Rh5 Rg7 27. b4 a5 28. bxa5 c5 29. dxc5+ Kxc5 30. Kd3 Kd6 31. f3 Ra7 32. Rxg5 Rxa5 33. h4 Ra3+ 34. Kd2 Rxa2+ 35. Kd3 Ra3+ 36. Kd2 Ra7 37. Kd3 Rf7 38. Ke3 e5 39. Rg8 Ke6 40. Re8+ Kf6 41. f4 exf4+ 42. Kxf4 Kg6+ 43. Ke3 Rf1 44. Ke2 Ra1 45. Rd8 Ra2+ 46. Kf3 Rd2 47. Ke3 Rxg2 48. Rxd5 Rh2 49. h5+ Rxh5 1/2-1/2

[Event "Chioggia op-B 15th"]
[Site "Chioggia"]
[Date "2022.09.30"]
[Round "1"]
[White "Serban, Sara Annamaria"]
[Black "Rumpf, Werner"]
[Result "1-0"]
[WhiteElo "1638"]
[BlackElo "1849"]
[PlyCount "101"]
[EventDate "2022.09.30"]
[EventType "swiss"]
[EventRounds "5"]
[EventCountry "ITA"]
[SourceTitle "EXT 2024"]
[Source "ChessBase"]
[SourceDate "2023.10.10"]
[SourceVersion "1"]
[SourceVersionDate "2023.10.10"]
[SourceQuality "1"]

1. e4 e5 2. Nf3 Nc6 3. d4 exd4 4. Nxd4 Bc5 5. c3 Qf6 6. Be3 Nge7 7. Bc4 0-0 8. 0-0 b6 9. b4 Bxd4 10. Bxd4 Nxd4 11. Qxd4 Qxd4 12. cxd4 d5 13. exd5 Bb7 14. Nc3 Rfd8 15. Rac1 Nxd5 16. Nxd5 Bxd5 17. Bxd5 Rxd5 18. Rfd1 Re8 19. Kf1 Re7 20. a3 a5 21. Rc4 axb4 22. axb4 g6 23. Rd3 Kf8 24. Rh3 h5 25. Rd3 Kg7 26. f3 g5 27. Kf2 Kg6 28. h3 h4 29. Rc6+ f6 30. Rc4 Kf5 31. Rc6 Red7 32. Ke3 R5d6 33. Rc4 Re6+ 34. Kf2 Rde7 35. Rc2 Re1 36. Rdd2 Rb1 37. Rc4 Ree1 38. Rxc7 Kf4 39. d5 Rg1 40. Rc4+ Ke5 41. Re4+ Kf5 42. d6 Rbf1+ 43. Ke3 Re1+ 44. Kd4 Rxe4+ 45. fxe4+ Ke6 46. Kc4 Kd7 47. Kb5 Rb1 48. Rf2 Kxd6 49. Rxf6+ Ke5 50. Rf5+ Kxe4 51. Rxg5 1-0